Odessa - Choix Multiples - Statistiques

Statistiques générales
  • Ce quiz a été pris 47 fois
  • Le résultat moyen est 5 sur 10
Statistiques - réponses
Question Réponse % Correct
Sur quelle mer se situe Odessa ? Mer Noire
91%
Pour l'exportation de quel produit le port d'Odessa est l'un des plus importants du monde ? Céréales
77%
Laquelle de ces orthographes est correcte pour désigner la ville en Ukrainien ? Одeса
64%
Quelle curiosité trouve-t-on sous la ville d'Odessa ? Un labyrinthe de catacombes long de 2500km
59%
Laquelle de ces images représente l'opéra d'Odessa ?
55%
Comment appelle-t-on les habitants d'Odessa ? Odessites
52%
Quelle poétesse née à Odessa est notamment connue pour le Poème sans héros ? Anna Akhmatova
43%
D'après quoi sont nommés les Escaliers du Potemkine, un des symboles de la ville ? Un film soviétique
43%
Quel souverain russe a signé le décret en vue de la fondation de la ville ? Catherine II
39%
Quel aspect de la culture locale est particulièrement célébré à Odessa, notamment au sein de la communauté juive ? Humour
16%
Aucun quiz correspondant
Distribution des résultats
% des personnes avec chaque résultat
Percentile par nombre de réponses
Votre historique - résultats
Vous n’avez pas pris ce quiz